Формирование оптимального уровня двигательной активности для обеспечения здорового образа жизни младших классов школьников; Исследования молодых - регионам; Т. 2

Bibliografski detalji
Parent link:Исследования молодых - регионам: сборник трудов I Всероссийской научно-практической конференции, 29-31 марта 2011 г., г. Томск/ Национальный исследовательский Томский политехнический университет (ТПУ), Новокузнецкий филиал (НФ); под ред. С. И. Каковихиной.— , 2011.— 978-5-98298-905-5
Т. 2.— 2011.— C. 147-149
Glavni autor: Чеснова Е. Л.
Daljnji autori: Нигровская Т. М., Вавилина Е. Ю.
Jezik:ruski
Izdano: 2011
Serija:Региональные социогуманитарные исследования
Teme:
Format: Poglavlje knjige
KOHA link:https://koha.lib.tpu.ru/cgi-bin/koha/opac-detail.pl?biblionumber=250184

MARC

LEADER 00000naa2a2200000 4500
001 250184
005 20231031213058.0
035 |a (RuTPU)RU\TPU\book\272359 
035 |a RU\TPU\book\272356 
090 |a 250184 
100 |a 20140211d2011 k y0rusy50 ca 
101 0 |a rus 
102 |a RU 
200 1 |a Формирование оптимального уровня двигательной активности для обеспечения здорового образа жизни младших классов школьников  |f Е. Л. Чеснова, Т. М. Нигровская, Е. Ю. Вавилина 
225 1 |a Региональные социогуманитарные исследования 
320 |a Библиогр.: с. 149 (4 назв.) 
461 1 |0 (RuTPU)RU\TPU\book\251726  |y 978-5-98298-905-5  |t Исследования молодых - регионам  |o сборник трудов I Всероссийской научно-практической конференции, 29-31 марта 2011 г., г. Томск  |f Национальный исследовательский Томский политехнический университет (ТПУ), Новокузнецкий филиал (НФ); под ред. С. И. Каковихиной  |d 2011 
463 0 |0 (RuTPU)RU\TPU\book\250367  |y 978-5-98298-907-9  |t Т. 2  |v C. 147-149  |d 2011  |p 420 с. 
610 1 |a двигательная активность 
610 1 |a здоровый образ жизни 
610 1 |a школьники 
610 1 |a уроки 
610 1 |a физическая культура 
700 1 |a Чеснова  |b Е. Л. 
701 1 |a Нигровская  |b Т. М. 
701 1 |a Вавилина  |b Е. Ю. 
801 1 |a RU  |b 63413507  |c 20140203 
801 2 |a RU  |b 63413507  |c 20140411  |g RCR 
942 |c BK